MAW Productivity Development and Reduction of its Harmful Effect on Human Organisms; Applied Mechanics and Materials; Vol. 682 : Innovation Technology and Economics in Engineering

Dettagli Bibliografici
Parent link:Applied Mechanics and Materials: Scientific Journal
Vol. 682 : Innovation Technology and Economics in Engineering.— 2014.— [P. 122-126]
Autore principale: Ilyashchenko D. P. Dmitry Pavlovich
Enti autori: Национальный исследовательский Томский политехнический университет (ТПУ) Юргинский технологический институт (филиал) (ЮТИ) Кафедра сварочного производства (КСП), Национальный исследовательский Томский политехнический университет (ТПУ) Юргинский технологический институт (филиал) (ЮТИ) Кафедра горно-шахтного оборудования (ГШО)
Altri autori: Chinakhov D. A. Dmitriy Anatol'evich, Gotovshchik Y. M.
Riassunto:Title screen
The article presents results of researches on manual arc welding efficiency development. It is proved that the arc welding inverter power source, compared with the diode rectifier, increases coefficient of transition of alloying elements into the weld joint; it also reduces the rate of alloying elements transition into slag and gaseous components and in addition reduces the harmful effects of welding on human organisms.
Режим доступа: по договору с организацией-держателем ресурса
Lingua:inglese
Pubblicazione: 2014
Serie:Material Science, Machining Technologies and Equipments in Mechanical Engineering
Soggetti:
Accesso online:http://dx.doi.org/10.4028/www.scientific.net/AMM.682.122
Natura: MixedMaterials Elettronico Capitolo di libro
KOHA link:https://koha.lib.tpu.ru/cgi-bin/koha/opac-detail.pl?biblionumber=641451

MARC

LEADER 00000nla2a2200000 4500
001 641451
005 20240208120739.0
035 |a (RuTPU)RU\TPU\network\6368 
035 |a RU\TPU\network\6366 
090 |a 641451 
100 |a 20150520a2014 k y0engy50 ba 
101 0 |a eng 
102 |a US 
105 |a y z 101zy 
135 |a drcn ---uucaa 
181 0 |a i  
182 0 |a b 
200 1 |a MAW Productivity Development and Reduction of its Harmful Effect on Human Organisms  |f D. P. Ilyashchenko, D. A. Chinakhov, Y. M. Gotovshchik 
203 |a Text  |c electronic 
225 1 |a Material Science, Machining Technologies and Equipments in Mechanical Engineering 
300 |a Title screen 
330 |a The article presents results of researches on manual arc welding efficiency development. It is proved that the arc welding inverter power source, compared with the diode rectifier, increases coefficient of transition of alloying elements into the weld joint; it also reduces the rate of alloying elements transition into slag and gaseous components and in addition reduces the harmful effects of welding on human organisms. 
333 |a Режим доступа: по договору с организацией-держателем ресурса 
461 1 |0 (RuTPU)RU\TPU\network\5920  |t Applied Mechanics and Materials  |o Scientific Journal 
463 0 |0 (RuTPU)RU\TPU\network\4804  |t Vol. 682 : Innovation Technology and Economics in Engineering  |o 5th International Scientific Practical Conference, May 22-23, Yurga, Russia  |o [proceedings]  |f National Research Tomsk Polytechnic University (TPU)  |v [P. 122-126]  |d 2014 
610 1 |a труды учёных ТПУ 
610 1 |a электронный ресурс 
610 1 |a покрытия 
610 1 |a электроды 
610 1 |a инверторы 
610 1 |a дуговая сварка 
610 1 |a сварочные аэрозоли 
700 1 |a Ilyashchenko  |b D. P.  |c specialist in the field of welding production  |c Associate Professor of the Yurga Technological Institute (branch) of Tomsk Polytechnic University, Candidate of Technical Sciences  |f 1980-  |g Dmitry Pavlovich  |3 (RuTPU)RU\TPU\pers\34519  |9 17900 
701 1 |a Chinakhov  |b D. A.  |c Specialist in the field of welding production  |c Associate Professor of Yurga technological Institute of Tomsk Polytechnic University  |f 1973-  |g Dmitriy Anatol'evich  |3 (RuTPU)RU\TPU\pers\31926  |9 15996 
701 1 |a Gotovshchik  |b Y. M. 
712 0 2 |a Национальный исследовательский Томский политехнический университет (ТПУ)  |b Юргинский технологический институт (филиал) (ЮТИ)  |b Кафедра сварочного производства (КСП)  |3 (RuTPU)RU\TPU\col\18891 
712 0 2 |a Национальный исследовательский Томский политехнический университет (ТПУ)  |b Юргинский технологический институт (филиал) (ЮТИ)  |b Кафедра горно-шахтного оборудования (ГШО)  |3 (RuTPU)RU\TPU\col\18984 
801 2 |a RU  |b 63413507  |c 20161230  |g RCR 
856 4 |u http://dx.doi.org/10.4028/www.scientific.net/AMM.682.122 
942 |c CF